[Event "X Festival A"]
[Site "Trieste ITA"]
[Date "2008.08.31"]
[Round "1"]
[White "Basagic, Zlatko"]
[Black "Heikkila, Antti"]
[Result "1-0"]
[WhiteElo "2337"]
[BlackElo "1993"]
[PlyCount "62"]
[EventDate "2008.08.31"]

1. e4 c5 2. Nf3 g6 3. d4 cxd4 4. Qxd4 Nf6 5. Bb5 Qa5+ 6. Nc3 Nc6 7. Bxc6 dxc6
8. e5 Nd5 9. Bd2 Bg7 10. Nxd5 Qxd5 11. Qxd5 cxd5 12. Bf4 Bg4 13. Nd4 O-O 14. f3
Bd7 15. O-O-O Rfc8 16. h4 a5 17. h5 a4 18. hxg6 hxg6 19. Rhe1 Ra6 20. Bg5 Bf8
21. a3 b5 22. c3 f6 23. Bf4 g5 24. Bg3 Kf7 25. Ne2 e6 26. exf6 Bd6 27. Bxd6
Rxd6 28. Rh1 e5 29. Rh7+ Kxf6 30. Rdh1 Rg8 31. R1h6+ 31... Rg6 {...} 1-0

[Event "X Festival A"]
[Site "Trieste ITA"]
[Date "2008.08.31"]
[Round "1"]
[White "Capaliku, Aleks"]
[Black "Mogranzini, Roberto"]
[Result "0-1"]
[WhiteElo "2114"]
[BlackElo "2423"]
[PlyCount "118"]
[EventDate "2008.08.31"]

1. f4 d5 2. Nf3 g6 3. e3 Bg7 4. d4 Nf6 5. Bd3 b6 6. O-O O-O 7. c3 c5 8. Qe2
Nbd7 9. Nbd2 e6 10. b3 Bb7 11. Bb2 Ne4 12. Ne5 Nxd2 13. Qxd2 f6 14. Nxd7 Qxd7
15. c4 cxd4 16. exd4 dxc4 17. bxc4 f5 18. Be2 Rfd8 19. Rfd1 Rac8 20. Rac1 Be4
21. Qe3 Qb7 22. g3 h5 23. Kf2 Rd7 24. Bf3 Bxf3 25. Qxf3 Qxf3+ 26. Kxf3 Rdc7 27.
Ke3 Rxc4 28. Kd3 b5 29. Rxc4 bxc4+ 30. Kc3 Bf8 31. Re1 Kf7 32. Re5 Rb8 33. Bc1
Bd6 34. Re2 a5 35. a3 Bxa3 36. Bxa3 Rb3+ 37. Kxc4 Rxa3 38. Rb2 h4 39. Rb7+ Kf6
40. gxh4 Rf3 41. h5 gxh5 42. Rh7 Rxf4 43. Rh6+ Kf7 44. Rxh5 e5 45. Kd5 Kg6 46.
Rh3 Rxd4+ 47. Kxe5 Re4+ 48. Kd6 a4 49. Rf3 Kg5 50. h3 Rb4 51. Ke5 Rb5+ 52. Ke6
Ra5 53. Ra3 Kf4 54. Kd6 Ke4 55. Kc6 f4 56. Kb6 Rf5 57. Rxa4+ Kf3 58. Kc6 Kg3
59. Kd6 f3 0-1

[Event "X Festival A"]
[Site "Trieste ITA"]
[Date "2008.08.31"]
[Round "1"]
[White "Erdos, Viktor"]
[Black "Znidarcic, Andrej"]
[Result "1-0"]
[WhiteElo "2576"]
[BlackElo "2218"]
[PlyCount "51"]
[EventDate "2008.08.31"]

1. d4 d5 2. c4 e6 3. Nc3 Nf6 4. cxd5 exd5 5. Bg5 c6 6. e3 Bd6 7. Bd3 O-O 8. Qc2
h6 9. Bh4 Re8 10. Nge2 Be6 11. h3 Nbd7 12. O-O a6 13. Rad1 Nf8 14. Na4 g5 15.
Bg3 Nh5 16. Bxd6 Qxd6 17. Nc5 Bc8 18. e4 Ne6 19. e5 Qe7 20. Nxe6 Bxe6 21. f4
gxf4 22. Nxf4 Nxf4 23. Rxf4 Qg5 24. Rdf1 Kh8 25. h4 Qg3 26. Qd2 1-0

[Event "X Festival A"]
[Site "Trieste ITA"]
[Date "2008.08.31"]
[Round "1"]
[White "Fercec, Nenad"]
[Black "Hartl, Daniel"]
[Result "1-0"]
[WhiteElo "2486"]
[BlackElo "2138"]
[PlyCount "63"]
[EventDate "2008.08.31"]

1. e4 e5 2. Nf3 Nc6 3. d4 exd4 4. Nxd4 Nf6 5. Nxc6 bxc6 6. Bd3 d5 7. exd5 cxd5
8. O-O Be7 9. Bg5 O-O 10. Re1 c6 11. Nd2 Be6 12. c3 Re8 13. Qc2 h6 14. Bh4 Rb8
15. Nf3 Ng4 16. Bxe7 Qxe7 17. Bf5 Qd7 18. Rxe6 fxe6 19. Bxg4 Qb7 20. b3 e5 21.
Qg6 Qf7 22. Qxc6 Rb6 23. Qc5 e4 24. Nd4 Re5 25. Rf1 Rf6 26. Nc2 Rg5 27. Ne3 h5
28. Bh3 h4 29. c4 Qh5 30. Nxd5 Rfg6 31. Qc8+ Kh7 32. Nf4 1-0

[Event "X Festival A"]
[Site "Trieste ITA"]
[Date "2008.08.31"]
[Round "1"]
[White "Fierro Baquero, Martha Lorena"]
[Black "Milazzo, Mario"]
[Result "1-0"]
[WhiteElo "2379"]
[BlackElo "2010"]
[PlyCount "105"]
[EventDate "2008.08.31"]

1. e4 e5 2. Nf3 Nc6 3. Bb5 a6 4. Ba4 Nf6 5. d3 d6 6. c3 b5 7. Bb3 Be7 8. O-O
O-O 9. Re1 Na5 10. Bc2 c5 11. Nbd2 Re8 12. Nf1 Nc6 13. a3 g6 14. Bb3 Bf8 15.
Bg5 Bg7 16. Ne3 h6 17. Bh4 Be6 18. h3 Qd7 19. Bxf6 Bxf6 20. Nd5 Bxd5 21. Bxd5
Rab8 22. Nh2 Bg7 23. Qf3 Nd8 24. Ng4 Qe7 25. Ne3 Ne6 26. g3 Rf8 27. h4 Qf6 28.
Qe2 Nc7 29. h5 Kh7 30. Kg2 g5 31. a4 b4 32. a5 Qe7 33. Rec1 Qd7 34. Bc4 Rfc8
35. Rf1 Rf8 36. Qf3 Kh8 37. Rfd1 Qe7 38. Nf5 Qf6 39. Rd2 Nb5 40. cxb4 cxb4 41.
Bxb5 Rxb5 42. Rc2 Rc5 43. Rc4 Rfc8 44. Rxb4 Qe6 45. Rb6 R5c6 46. Ra3 Bf8 47.
Rab3 Qd7 48. Ne3 Kg7 49. Nd5 Be7 50. Rb7 R8c7 51. Rxc7 Rxc7 52. Nxc7 Qxc7 53.
Rb6 1-0

[Event "X Festival A"]
[Site "Trieste ITA"]
[Date "2008.08.31"]
[Round "1"]
[White "Hrzica, Rok"]
[Black "Miele, Roberto"]
[Result "1-0"]
[WhiteElo "2285"]
[BlackElo "1887"]
[PlyCount "81"]
[EventDate "2008.08.31"]

1. e4 e5 2. Nf3 Nc6 3. Nc3 Nf6 4. d4 exd4 5. Nd5 Be7 6. Bf4 d6 7. Nxd4 Nxd4 8.
Qxd4 Nxd5 9. exd5 O-O 10. O-O-O Bf5 11. f3 Bf6 12. Qd2 Bg6 13. g4 h6 14. Bg3 c5
15. h4 Qb6 16. c3 Qa5 17. a3 Qa4 18. Bd3 b5 19. Bxg6 fxg6 20. Bxd6 b4 21. Qc2
Qa5 22. axb4 cxb4 23. Bxb4 Qa1+ 24. Qb1 Qxb1+ 25. Kxb1 Rfb8 26. Kc2 a5 27. Ba3
Rb7 28. f4 Rab8 29. g5 hxg5 30. fxg5 Be7 31. d6 Bf8 32. Rd5 Rb6 33. c4 a4 34.
c5 Rb3 35. c6 Rc8 36. c7 Re3 37. Kd2 Rce8 38. d7 Re2+ 39. Kd1 Bxa3 40. dxe8=Q+
Rxe8 41. Rd8 1-0

[Event "X Festival A"]
[Site "Trieste ITA"]
[Date "2008.08.31"]
[Round "1"]
[White "Lalic, Bogdan"]
[Black "Sikanjic, Bojan"]
[Result "1-0"]
[WhiteElo "2533"]
[BlackElo "2177"]
[PlyCount "77"]
[EventDate "2008.08.31"]

1. d4 Nf6 2. c4 g6 3. Nc3 Bg7 4. e4 d6 5. Nf3 O-O 6. Be2 e5 7. Be3 exd4 8. Nxd4
Re8 9. f3 Nc6 10. O-O Nh5 11. Qd2 Nf4 12. Rfd1 Nxd4 13. Bxd4 Qg5 14. Bf1 Bxd4+
15. Qxd4 Be6 16. Qd2 Qe5 17. Rac1 Rac8 18. b4 Nh5 19. a3 a5 20. Nd5 Bxd5 21.
cxd5 axb4 22. axb4 Re7 23. g3 Ra8 24. Qc3 Qxc3 25. Rxc3 Ra7 26. Rcc1 Ra4 27.
Rd3 Rxb4 28. Rdc3 c5 29. dxc6 bxc6 30. Rxc6 Rd4 31. R1c2 Kg7 32. Rc7 Rxc7 33.
Rxc7 Nf6 34. Kf2 Rd2+ 35. Ke3 Rxh2 36. Bc4 Kh6 37. Rxf7 Nh5 38. g4 Ng7 39. f4
1-0

[Event "X Festival A"]
[Site "Trieste ITA"]
[Date "2008.08.31"]
[Round "1"]
[White "Mufic, Goran"]
[Black "Tonel, Giulia"]
[Result "1-0"]
[WhiteElo "2298"]
[BlackElo "1983"]
[PlyCount "53"]
[EventDate "2008.08.31"]

1. d4 d5 2. Nf3 Nf6 3. Bf4 c5 4. e3 e6 5. Nbd2 Nc6 6. c3 Bd6 7. Bg3 O-O 8. Bd3
Re8 9. Ne5 Qe7 10. f4 Nd7 11. O-O Nf8 12. Qh5 g6 13. Qh3 f6 14. Bh4 Qg7 15.
Nxc6 bxc6 16. Qf3 Rb8 17. Rab1 cxd4 18. cxd4 c5 19. dxc5 Bxc5 20. Kh1 Nd7 21.
e4 dxe4 22. Bxe4 Bb4 23. Rfd1 Nc5 24. Bc6 Rd8 25. Ne4 Rf8 26. Nd6 Nb7 27. Nxc8
1-0

[Event "X Festival A"]
[Site "Trieste ITA"]
[Date "2008.08.31"]
[Round "1"]
[White "Narayanan, Srinath"]
[Black "Lenic, Luka"]
[Result "1/2-1/2"]
[WhiteElo "2220"]
[BlackElo "2584"]
[PlyCount "85"]
[EventDate "2008.08.31"]

1. e4 e5 2. Nf3 Nc6 3. Bc4 Nf6 4. d3 Be7 5. O-O O-O 6. Re1 d6 7. a4 Na5 8. Ba2
c5 9. Bd2 Nc6 10. Nc3 Rb8 11. h3 h6 12. Ne2 Be6 13. Ng3 Re8 14. Nh2 Bf8 15. Ng4
Nxg4 16. Bxe6 Rxe6 17. Qxg4 Rg6 18. Qd1 d5 19. Bc3 d4 20. Bd2 Be7 21. Ne2 Qd7
22. Kh2 f5 23. exf5 Qxf5 24. f4 exf4 25. Bxf4 Rf8 26. Rf1 Rgf6 27. Ng3 Qg6 28.
Qd2 R6f7 29. Rf3 Nb4 30. Ne4 Qh5 31. Raf1 Nd5 32. c4 dxc3 33. bxc3 g5 34. Ng3
Qh4 35. Qa2 gxf4 36. Qxd5 fxg3+ 37. Rxg3+ Bg5 38. Rg4 Qh5 39. Rf5 Kh7 40. Rfxg5
hxg5 41. Rxg5 Qe2 42. Rh5+ Kg8 43. Qg5+ 1/2-1/2

[Event "X Festival A"]
[Site "Trieste ITA"]
[Date "2008.08.31"]
[Round "1"]
[White "Palac, Mladen"]
[Black "Kragelj, Igor"]
[Result "1/2-1/2"]
[WhiteElo "2587"]
[BlackElo "2228"]
[PlyCount "69"]
[EventDate "2008.08.31"]

1. d4 Nf6 2. c4 e6 3. Nf3 b6 4. g3 Ba6 5. Qb3 c6 6. Bf4 Be7 7. Nc3 O-O 8. e4 d5
9. cxd5 cxd5 10. exd5 Nxd5 11. Nxd5 Qxd5 12. Qxd5 exd5 13. Bxa6 Nxa6 14. Kd2 f6
15. a3 Kf7 16. Kd3 Rac8 17. g4 Nc7 18. Rac1 Ne6 19. Bg3 Rfd8 20. h4 g6 21. h5
Rxc1 22. Rxc1 gxh5 23. gxh5 Bd6 24. Bxd6 Rxd6 25. Nh4 Rd7 26. Ke3 Rc7 27. Rxc7+
Nxc7 28. Nf5 Ke6 29. Kf4 Nb5 30. f3 Nd6 31. Nxd6 Kxd6 32. Kf5 Ke7 33. a4 a5 34.
b3 Kf7 35. f4 1/2-1/2

[Event "X Festival A"]
[Site "Trieste ITA"]
[Date "2008.08.31"]
[Round "1"]
[White "Rukavina, Josip"]
[Black "Bosma, Jaap"]
[Result "1-0"]
[WhiteElo "2414"]
[BlackElo "2048"]
[PlyCount "43"]
[EventDate "2008.08.31"]

1. c4 c5 2. Nf3 Nc6 3. d4 cxd4 4. Nxd4 Nf6 5. Nc3 d6 6. g3 g6 7. Bg2 Bd7 8. O-O
Bg7 9. e3 O-O 10. b3 a6 11. Bb2 Qc7 12. Nde2 Rfd8 13. Qd2 Rab8 14. Rfd1 h5 15.
Nf4 b5 16. Ncd5 Nxd5 17. Nxd5 Qc8 18. cxb5 Rxb5 19. Rac1 Re8 20. Bxg7 Kxg7 21.
Rc4 f6 22. Rdc1 1-0

[Event "X Festival A"]
[Site "Trieste ITA"]
[Date "2008.08.31"]
[Round "1"]
[White "Samuelli, Daniele"]
[Black "Cherin, Diego"]
[Result "1-0"]
[WhiteElo "1931"]
[BlackElo "2287"]
[PlyCount "45"]
[EventDate "2008.08.31"]

1. Nf3 f5 2. e4 fxe4 3. Ng5 Nf6 4. d3 e3 5. Bxe3 e5 6. d4 exd4 7. Qxd4 Nc6 8.
Qh4 Ne5 9. Nc3 d5 10. O-O-O c6 11. f4 Ng6 12. Qe1 Be7 13. Bd3 Nf8 14. Bc5 Bg4
15. Rd2 Qd7 16. h3 Bh5 17. g4 Bg6 18. Re2 Ng8 19. f5 Bf7 20. Qh4 h6 21. Rhe1
Be6 22. Bxe7 Qxe7 23. Rxe6 1-0

[Event "X Festival A"]
[Site "Trieste ITA"]
[Date "2008.08.31"]
[Round "1"]
[White "Srebrnic, Vojko"]
[Black "Bosiocic, Marin"]
[Result "0-1"]
[WhiteElo "2214"]
[BlackElo "2540"]
[PlyCount "80"]
[EventDate "2008.08.31"]

1. Nf3 Nf6 2. c4 e6 3. g3 g6 4. Bg2 Bg7 5. O-O O-O 6. Nc3 d5 7. cxd5 exd5 8. d4
Nc6 9. Ne5 Ne7 10. b4 a6 11. a4 c6 12. a5 Nd7 13. Nxd7 Bxd7 14. Na4 Nf5 15. Bb2
Re8 16. Bc3 Nd6 17. Nc5 Qc8 18. Re1 Bh3 19. Bf3 Qf5 20. Qb1 Qf6 21. Qd3 Bf5 22.
Qd2 Re7 23. Rad1 Rae8 24. Qc1 g5 25. e3 Bh3 26. Be2 h5 27. Rd2 h4 28. Qd1 Qg6
29. Qc2 hxg3 30. hxg3 Qh6 31. Bf3 f5 32. Rde2 Bf6 33. Bh1 g4 34. Qd1 Rh7 35.
Ra2 Bg5 36. Nd3 Kg7 37. Ne5 Reh8 38. f4 gxf3 39. Qxf3 Bg4 40. Nxg4 fxg4 0-1

[Event "X Festival A"]
[Site "Trieste ITA"]
[Date "2008.08.31"]
[Round "1"]
[White "Stantic, Severino"]
[Black "Scalcione, Michelangelo"]
[Result "0-1"]
[WhiteElo "2024"]
[BlackElo "2398"]
[PlyCount "52"]
[EventDate "2008.08.31"]

1. c4 b6 2. Nf3 Bb7 3. e3 Nf6 4. Nc3 e6 5. b3 Be7 6. Bb2 O-O 7. Bd3 c5 8. Qe2
Nc6 9. Rd1 d5 10. O-O Nb4 11. Bb1 d4 12. exd4 cxd4 13. Na4 d3 14. Qe3 Bc6 15.
Ne5 Bxa4 16. bxa4 Bc5 17. Qf3 Bd4 18. Bc3 Bxe5 19. Bxb4 Bd6 20. Bc3 Qc7 21.
Qxd3 Bxh2+ 22. Kh1 Be5 23. Rfe1 Bxc3 24. Qxc3 Rac8 25. Rc1 Ng4 26. Qh3 Nxf2+
0-1

[Event "X Festival A"]
[Site "Trieste ITA"]
[Date "2008.08.31"]
[Round "1"]
[White "Suc, Timothy"]
[Black "Raykhman, Alexander"]
[Result "1/2-1/2"]
[WhiteElo "1833"]
[BlackElo "2267"]
[PlyCount "98"]
[EventDate "2008.08.31"]

1. e4 c5 2. Nf3 d6 3. Bb5+ Nd7 4. d4 cxd4 5. Qxd4 Ngf6 6. Nc3 e6 7. O-O a6 8.
Bxd7+ Nxd7 9. Bg5 Qa5 10. Rfe1 h6 11. Bh4 Qc5 12. Qd3 b5 13. Nd5 Bb7 14. b4 Qc8
15. Bg3 exd5 16. exd5+ Kd8 17. Re4 Nf6 18. Rd4 Be7 19. c4 bxc4 20. Rxc4 Qd7 21.
Rd4 Rc8 22. a4 Qc7 23. Rd1 Qc2 24. Qe3 Qxa4 25. Ne5 dxe5 26. d6 Bf8 27. d7 Nxd7
28. Qxe5 Bc6 29. Re1 Bxb4 30. Qxg7 Re8 31. Red1 Qb5 32. Qxf7 Be7 33. Qf4 Bg5
34. Qf7 Be7 35. Qf4 Qg5 36. Qf7 Rf8 37. Qb3 Qb5 38. Qe6 h5 39. h4 a5 40. Re1
Bb4 41. Rxb4 Qxb4 42. Bd6 Qxe1+ 43. Qxe1 Ra8 44. Bxf8 Nxf8 45. Qc3 Kc7 46. Qe5+
Kb7 47. Qb2+ Kc7 48. Qe5+ Kb6 49. Qd4+ Kc7 1/2-1/2

[Event "X Festival A"]
[Site "Trieste ITA"]
[Date "2008.08.31"]
[Round "1"]
[White "Vitri, Sergio"]
[Black "Banusz, Tamas"]
[Result "0-1"]
[WhiteElo "2132"]
[BlackElo "2481"]
[PlyCount "46"]
[EventDate "2008.08.31"]

1. d4 d5 2. c4 e6 3. Nc3 c6 4. Nf3 Nf6 5. Bg5 dxc4 6. e3 b5 7. a4 Bb4 8. Nd2
Bb7 9. Qf3 a6 10. Be2 Nbd7 11. axb5 axb5 12. O-O O-O 13. Nde4 Be7 14. Nxf6+
Nxf6 15. Nxb5 Rxa1 16. Rxa1 Qb6 17. Nc3 c5 18. Qf4 Qxb2 19. Rb1 Qxc3 20. Rxb7
Nd5 21. Qe5 Qe1+ 22. Bf1 Bxg5 23. Qxg5 c3 0-1

[Event "X Festival A"]
[Site "Trieste ITA"]
[Date "2008.08.31"]
[Round "1"]
[White "Vrhovnik, Damir"]
[Black "Degtiarev, Evgeny"]
[Result "0-1"]
[WhiteElo "1996"]
[BlackElo "2367"]
[PlyCount "52"]
[EventDate "2008.08.31"]

1. e4 c5 2. Nf3 d6 3. d4 cxd4 4. c3 d3 5. Bxd3 g6 6. h3 Bg7 7. O-O Nf6 8. Be3
O-O 9. Nbd2 b6 10. Qe2 Bb7 11. a4 a5 12. Nd4 e5 13. Nb5 d5 14. Rad1 Nbd7 15.
Bg5 Qb8 16. exd5 Nxd5 17. Ne4 Nf4 18. Bxf4 exf4 19. Ned6 f3 20. gxf3 Nc5 21.
Bc4 Bc6 22. Qe7 Bxb5 23. Bxf7+ Kh8 24. Nxb5 Qf4 25. Nd6 Be5 26. Rfe1 Bxd6 0-1

[Event "X Festival A"]
[Site "Trieste ITA"]
[Date "2008.08.31"]
[Round "1"]
[White "Zucchelli, Massimo"]
[Black "Drazic, Sinisa"]
[Result "0-1"]
[WhiteElo "2150"]
[BlackElo "2505"]
[PlyCount "80"]
[EventDate "2008.08.31"]

1. d4 Nf6 2. c4 c6 3. Nf3 a6 4. Nc3 d5 5. e3 Bf5 6. Be2 h6 7. O-O e6 8. b3 Nbd7
9. Bb2 Bd6 10. c5 Bc7 11. b4 O-O 12. a4 e5 13. Re1 Re8 14. b5 axb5 15. axb5
Rxa1 16. Qxa1 Bg4 17. Qd1 e4 18. Nd2 Bxe2 19. Qxe2 Nf8 20. Ra1 Ng6 21. Nf1 Nh4
22. Ra7 Qd7 23. Bc1 g5 24. Bd2 Kg7 25. Be1 h5 26. Ra2 g4 27. Ng3 Rg8 28. bxc6
bxc6 29. Na4 Nf3+ 30. gxf3 gxf3 31. Qf1 h4 32. Nb6 Qe6 33. Ra8 hxg3 34. Rxg8+
Kxg8 35. fxg3 Ng4 36. Bf2 Qh6 37. h3 Nxe3 38. Bxe3 Qxe3+ 39. Qf2 Qg5 40. Kh2
Qf5 0-1

[Event "X Festival A"]
[Site "Trieste ITA"]
[Date "2008.08.31"]
[Round "2"]
[White "Banusz, Tamas"]
[Black "Mufic, Goran"]
[Result "1-0"]
[WhiteElo "2481"]
[BlackElo "2298"]
[PlyCount "61"]
[EventDate "2008.08.31"]

1. d4 d5 2. c4 e6 3. Nf3 Nf6 4. Nc3 c6 5. Bg5 Be7 6. e3 O-O 7. Qc2 Ne4 8. Bxe7
Qxe7 9. Bd3 f5 10. g4 Nxc3 11. bxc3 dxc4 12. Bxc4 fxg4 13. Ne5 Nd7 14. Nxg4 h5
15. Ne5 Nxe5 16. dxe5 Qc5 17. Bb3 Qxe5 18. O-O-O c5 19. Rhg1 Qf5 20. Qxf5 Rxf5
21. f4 Kf7 22. Rd8 c4 23. Bc2 Rd5 24. Rh8 Rd7 25. Bg6+ Ke7 26. Bxh5 Kd6 27.
Rd1+ Kc7 28. Rxd7+ Kxd7 29. Rg8 Kd6 30. Bf3 a5 31. h4 1-0

[Event "X Festival A"]
[Site "Trieste ITA"]
[Date "2008.08.31"]
[Round "2"]
[White "Bosiocic, Marin"]
[Black "Fierro Baquero, Martha Lorena"]
[Result "1-0"]
[WhiteElo "2540"]
[BlackElo "2379"]
[PlyCount "67"]
[EventDate "2008.08.31"]

1. e4 c5 2. Nf3 g6 3. g3 Bg7 4. Bg2 Nc6 5. d3 Nf6 6. O-O O-O 7. c3 d6 8. Re1
Rb8 9. h3 b5 10. d4 cxd4 11. cxd4 e5 12. d5 Ne7 13. a4 b4 14. Nbd2 Ne8 15. Nc4
f5 16. Ng5 h6 17. Ne6 Bxe6 18. dxe6 fxe4 19. Qb3 d5 20. Ne3 Nc7 21. Rd1 Qe8 22.
Nxd5 Nexd5 23. Rxd5 Nxd5 24. Qxd5 Rd8 25. Qb3 Kh7 26. Bxe4 Rd6 27. Be3 Qxe6 28.
Qxe6 Rxe6 29. Bxa7 Rc8 30. Be3 h5 31. a5 Bh6 32. Bxh6 Kxh6 33. a6 Ree8 34. a7
1-0

[Event "X Festival A"]
[Site "Trieste ITA"]
[Date "2008.08.31"]
[Round "2"]
[White "Bosma, Jaap"]
[Black "De Val, Daniele"]
[Result "0-1"]
[WhiteElo "2048"]
[BlackElo "2233"]
[PlyCount "54"]
[EventDate "2008.08.31"]

1. e4 g6 2. Nf3 Bg7 3. d4 d6 4. h3 Nd7 5. c4 e5 6. Nc3 exd4 7. Nxd4 Ngf6 8. Be2
O-O 9. O-O Re8 10. Bf3 Ne5 11. Be2 Ned7 12. Bf3 Ne5 13. Be2 Nc6 14. Nxc6 bxc6
15. Bf3 Rb8 16. Qa4 c5 17. Qxa7 Bb7 18. Bg5 Qc8 19. Qa4 Nxe4 20. Nxe4 Bxe4 21.
Bxe4 Rxe4 22. Rae1 Rxe1 23. Rxe1 Bxb2 24. Bf4 Bd4 25. Re2 Kg7 26. Qc6 Qf5 27.
Bg3 Qd3 0-1

[Event "X Festival A"]
[Site "Trieste ITA"]
[Date "2008.08.31"]
[Round "2"]
[White "Cherin, Diego"]
[Black "Capaliku, Aleks"]
[Result "1-0"]
[WhiteElo "2287"]
[BlackElo "2114"]
[PlyCount "85"]
[EventDate "2008.08.31"]

1. e4 e5 2. Nf3 Nc6 3. d4 exd4 4. Bc4 d6 5. Nxd4 Nxd4 6. Qxd4 Nf6 7. Nc3 Be7 8.
h3 O-O 9. Be3 b6 10. O-O-O Bb7 11. f3 a6 12. Rhe1 b5 13. Bf1 c5 14. Qd2 b4 15.
Nd5 Nxd5 16. exd5 a5 17. Bc4 a4 18. Kb1 Bf6 19. Qd3 a3 20. b3 Bh4 21. Re2 Qf6
22. Bc1 Rae8 23. f4 Qg6 24. Qf3 Bc8 25. Bb5 Rxe2 26. Qxe2 h5 27. Bd3 f5 28. Bb5
Bf6 29. Rd3 Qf7 30. Re3 g6 31. Be8 Qxd5 32. Bxg6 Kg7 33. Bxh5 Qd4 34. c3 bxc3
35. Kc2 Bb7 36. Re7+ Bxe7 37. Qxe7+ Kg8 38. Qxb7 Qf2+ 39. Kxc3 Qd4+ 40. Kc2 c4
41. Be2 d5 42. bxc4 dxc4 43. Qc6 1-0

[Event "X Festival A"]
[Site "Trieste ITA"]
[Date "2008.08.31"]
[Round "2"]
[White "Degtiarev, Evgeny"]
[Black "Lalic, Bogdan"]
[Result "1/2-1/2"]
[WhiteElo "2367"]
[BlackElo "2533"]
[PlyCount "30"]
[EventDate "2008.08.31"]

1. d4 Nf6 2. c4 e6 3. Nf3 d5 4. Nc3 Nbd7 5. cxd5 exd5 6. Qc2 Nb6 7. Bf4 c6 8.
e3 Bg4 9. Ne5 Bh5 10. Bd3 Bd6 11. O-O Bg6 12. Bxg6 hxg6 13. Rfe1 O-O 14. Nd3
Bxf4 15. exf4 Ne8 1/2-1/2

[Event "X Festival A"]
[Site "Trieste ITA"]
[Date "2008.08.31"]
[Round "2"]
[White "Drazic, Sinisa"]
[Black "Basagic, Zlatko"]
[Result "1-0"]
[WhiteElo "2505"]
[BlackElo "2337"]
[PlyCount "53"]
[EventDate "2008.08.31"]

1. d4 d5 2. Bg5 c5 3. dxc5 Nc6 4. e4 d4 5. c3 h6 6. Bh4 g5 7. Bg3 Bg7 8. Nf3
Bg4 9. Qb3 Bxf3 10. gxf3 Qd7 11. Na3 Nf6 12. O-O-O Nh5 13. Bb5 O-O 14. Qa4 Nxg3
15. hxg3 Qe6 16. Bxc6 bxc6 17. cxd4 Rfd8 18. e5 Rab8 19. Qc4 Rd5 20. Rhe1 a5
21. Qc3 Rd7 22. Kb1 Rb4 23. Nc2 Rc4 24. Qe3 a4 25. b3 Rb7 26. Kc1 axb3 27. axb3
1-0

[Event "X Festival A"]
[Site "Trieste ITA"]
[Date "2008.08.31"]
[Round "2"]
[White "Hartl, Daniel"]
[Black "Rezzuti, Vincenzo"]
[Result "0-1"]
[WhiteElo "2138"]
[BlackElo "1990"]
[PlyCount "100"]
[EventDate "2008.08.31"]

1. e4 e5 2. Nf3 Nc6 3. Bb5 a6 4. Ba4 d6 5. d4 b5 6. Bb3 Nxd4 7. Nxd4 exd4 8.
Qxd4 c5 9. Qd5 Be6 10. Qc6+ Bd7 11. Qd5 c4 12. Bxc4 bxc4 13. Qxc4 Nf6 14. Nc3
Be7 15. Be3 O-O 16. O-O Be6 17. Nd5 Nxd5 18. exd5 Bf5 19. c3 Qb8 20. Qe2 Bf6
21. Qd2 Qb5 22. Rac1 a5 23. b3 Rfc8 24. Rfd1 Re8 25. f3 Re7 26. g4 Rae8 27. Re1
Rxe3 28. Rxe3 Qc5 29. Rce1 Bg5 30. Kf2 Rxe3 31. Rxe3 Bb1 32. b4 axb4 33. cxb4
Qb6 34. a4 Ba2 35. a5 Qxe3+ 36. Qxe3 Bxe3+ 37. Kxe3 Bxd5 38. a6 Bc6 39. Kd4 Bb5
40. Kd5 Bxa6 41. f4 Kf8 42. Kxd6 f6 43. h4 Be2 44. g5 Kf7 45. Kd7 fxg5 46. fxg5
Kg6 47. Ke7 Kh5 48. Kf7 g6 49. Kg7 Kxh4 50. Kxh7 Kxg5 0-1

[Event "X Festival A"]
[Site "Trieste ITA"]
[Date "2008.08.31"]
[Round "2"]
[White "Hrzica, Rok"]
[Black "Simutowe, Amon"]
[Result "0-1"]
[WhiteElo "2285"]
[BlackElo "2458"]
[PlyCount "88"]
[EventDate "2008.08.31"]

1. e4 c5 2. d4 cxd4 3. c3 dxc3 4. Nxc3 Nc6 5. Nf3 e6 6. Bc4 Qc7 7. Qe2 d6 8.
O-O Be7 9. Rd1 Nf6 10. Nb5 Qb8 11. Bg5 O-O 12. Bxf6 Bxf6 13. Nxd6 Ne5 14. Rac1
Nxf3+ 15. Qxf3 Bxb2 16. Rc2 Be5 17. Nxc8 Qxc8 18. Bb3 Qe8 19. Rc5 Qb8 20. Rd7
b6 21. Rc2 Bxh2+ 22. Kh1 Be5 23. Qh5 g6 24. Qh3 Qe8 25. Rcd2 a6 26. Qh4 Rc8 27.
f4 Bg7 28. Kh2 h6 29. Rd1 Rc5 30. e5 g5 31. fxg5 hxg5 32. Qxg5 Qb8 33. R1d6
Rxe5 34. Qg3 Qc8 35. Qf2 Rf5 36. Qg3 Rh5+ 37. Kg1 Qc5+ 38. Kf1 Rg5 39. Qh4 Rf5+
40. Ke2 Qg1 41. Qg3 Qf1+ 42. Ke3 Re5+ 43. Kd2 Qe2+ 44. Kc1 Rc5+ 0-1

[Event "X Festival A"]
[Site "Trieste ITA"]
[Date "2008.08.31"]
[Round "2"]
[White "Kragelj, Igor"]
[Black "Narayanan, Srinath"]
[Result "1/2-1/2"]
[WhiteElo "2228"]
[BlackElo "2220"]
[PlyCount "132"]
[EventDate "2008.08.31"]

1. d4 Nf6 2. c4 e6 3. Nf3 b6 4. g3 Ba6 5. b3 Bb4+ 6. Bd2 Be7 7. Bg2 c6 8. Bc3
d5 9. Ne5 Nfd7 10. Nxd7 Nxd7 11. Nd2 O-O 12. O-O Rc8 13. e4 c5 14. exd5 exd5
15. dxc5 dxc4 16. c6 cxb3 17. Re1 b2 18. Bxb2 Nc5 19. Nc4 Bxc4 20. Qg4 Bg5 21.
Qxc4 Nd3 22. Be5 Nxe1 23. Rxe1 Bf6 24. Bxf6 Qxf6 25. c7 Qd6 26. Rc1 b5 27. Qc2
Qb6 28. Bh3 f5 29. Bxf5 Rxc7 30. Qxc7 Rxf5 31. Qxb6 axb6 32. Rc6 b4 33. Rxb6
Ra5 34. Rxb4 Rxa2 35. g4 h6 36. h4 Kf7 37. h5 Kf6 38. Kg2 Ra3 39. f3 Rc3 40.
Rf4+ Ke7 41. Rf5 Ke6 42. Kg3 Ra3 43. Rb5 Kf6 44. Rb6+ Kf7 45. Rb4 Kf6 46. Kf4
Ra6 47. Rb3 Ra4+ 48. Kg3 Ra1 49. f4 Rc1 50. Rb6+ Kf7 51. g5 hxg5 52. fxg5 Rc3+
53. Kg4 Rc4+ 54. Kf5 Rc5+ 55. Kf4 Rc4+ 56. Ke3 Rc3+ 57. Kf4 Rc4+ 58. Kf3 Rc3+
59. Ke4 Rg3 60. Rb7+ Kf8 61. Rb5 Rh3 62. Rf5+ Ke7 63. g6 Ke6 64. Rf7 Rxh5 65.
Rxg7 Kf6 66. Rg8 Rg5 1/2-1/2

[Event "X Festival A"]
[Site "Trieste ITA"]
[Date "2008.08.31"]
[Round "2"]
[White "Lenic, Luka"]
[Black "Suc, Timothy"]
[Result "1-0"]
[WhiteElo "2584"]
[BlackElo "1833"]
[PlyCount "43"]
[EventDate "2008.08.31"]

1. d4 f5 2. c4 Nf6 3. Nc3 e6 4. g3 d5 5. Bg2 c6 6. Nf3 Bd6 7. O-O O-O 8. b3 Qe7
9. Bb2 b6 10. Ne5 Bb7 11. Rc1 Nbd7 12. cxd5 exd5 13. f4 Rac8 14. e3 Ne4 15.
Nxe4 dxe4 16. g4 g6 17. gxf5 gxf5 18. Qh5 Bxe5 19. fxe5 Qe6 20. Kh1 Kh8 21. Bh3
Qg6 22. Rxf5 1-0

[Event "X Festival A"]
[Site "Trieste ITA"]
[Date "2008.08.31"]
[Round "2"]
[White "Milazzo, Mario"]
[Black "Srebrnic, Vojko"]
[Result "1/2-1/2"]
[WhiteElo "2010"]
[BlackElo "2214"]
[PlyCount "111"]
[EventDate "2008.08.31"]

1. c4 c5 2. Nf3 Nc6 3. g3 g6 4. Bg2 Bg7 5. O-O e5 6. Nc3 Nge7 7. d3 O-O 8. Ne1
d6 9. Nc2 Be6 10. Ne3 Rb8 11. Bd2 Nd4 12. Ned5 Nxd5 13. Nxd5 Qd7 14. e3 Nf5 15.
Rb1 Ne7 16. Nxe7+ Qxe7 17. Qa4 b6 18. Qc2 Qd7 19. e4 b5 20. b3 a6 21. Be3 b4
22. Qd2 a5 23. Bh6 a4 24. Bxg7 Kxg7 25. f4 f6 26. Qf2 Ra8 27. f5 Bg8 28. h4
axb3 29. axb3 Ra3 30. Bh3 Qe7 31. Qf3 Ra2 32. fxg6 hxg6 33. Rf2 Rxf2 34. Qxf2
Ra8 35. Rb2 Ra3 36. Qf3 Be6 37. Bxe6 Qxe6 38. g4 Ra8 39. Kg2 Rh8 40. Kg3 Qe7
41. Rh2 Rf8 42. Rf2 Qa7 43. h5 Qf7 44. Rh2 f5 45. exf5 gxf5 46. g5 f4+ 47. Kg2
Qf5 48. Kf2 Rf7 49. h6+ Kh7 50. Rg2 Ra7 51. Kg1 Qg6 52. Kh2 Rf7 53. Kh3 Rf5 54.
Kh4 Rf8 55. Rg4 Rf5 56. Rg2 1/2-1/2